000 00814nam a2200265Ia 4500
003 OSt
005 20221006143220.0
006 a|||||r|||| 00| 0
007 ta
008 221006b |||||||| |||| 00| 0 eng d
020 _c
_2.00
024 _a8,361
037 _bGift, Japan Foundation
_cTextual
040 _aEASL
_cEASL
_beng
041 _2eng
_aeng
082 _aX:9N4.42.N83, M4
100 _aOGAWA Naohiro
_9649420
245 0 _aApplication of the Harris-Todaro model to Japan
260 _aTokyo
_bNihon University Japan
_c1984
300 _a16p.
_ccm.
490 _v JEL
_aNUPRI Research Paper Series, No. 18
700 _a SUITS Daniel B
_9235889
942 _hX:9N4.42.N83, M4
_cTEXL
_2CC
999 _c1076447
_d1076447